000 01112nam a2200325 i 4500
001 27089
003 KOSZ 005
005 20200915093001.0
008 961010s1971 gw a f |000 0 ger d
040 _cKOSZ 005
_aKOSZ 005
_dKOSZ 005/HR
046 _k1971
080 _a697
245 0 _aFachbuchreihe Heizungs-, Lüftungs- und Sanitärtechnik.
_nBd. 2,
_pWärmeversorgung von Städten /
_chrsg. E. Haack ; Aut.Jarczyk [et al.].
246 _aWärmeversorgung von Städten
260 _aBerlin :
_bVEB Verl. für Bauwesen,
_c1971.
300 _a186 s. ;
_bil. ;
_c27 cm.
336 _2rdacontent
_aTekst
_btxt
337 _2rdamedia
_aBez urządzenia pośredniczącego
_bn
338 _2rdacarrier
_aWolumin
_bnc
380 _aKsiążki
388 _a1901-2000
388 _a1945-1989
650 7 _aSieć cieplna
650 7 _aCiepło
658 _aInżynieria i technika
700 1 _aJarczyk, Willi
_eAutor
700 1 _aHaack, E.
_eReddakcja
856 _uhttp://koha.tu.koszalin.pl/cgi-bin/koha/opac-detail.pl?biblionumber=27089
_yKatalog online BPK
942 _cKS
_2UKD
999 _c27089
_d27089